=LDR 00000nam 2200000 4500 =001 INLIS000000000038460 =990 ##$$a 21106268 =005 20200224101139 =990 ##$$a 31500746 =035 ##$$a 0010-061300000038460 =008 200224################g##########0#eng## =041 ##$$a Ind =082 ##$$a 153.4 =090 ##$$a 650.1, Kra i =100 ##$$a Krames, Jeffrey A. =245 1#$$a Inside Drucker's brain /$c Jeffrey A. Krames =260 ##$$a Jakarta :$b Portfolio,$c 2009 =300 ##$$a x, 220 hlm. ; $c 13x18,5 cm. =650 #4$$a Bisnis =850 ##$$a NBPNMAT =020 ##$$a 978-1-59184-222-4 =084 ##$$a 153.4 KRA i =504 ##$$a Bibliografi : hlm. 263 - 267 =504 ##$$a Indeks : hlm. 269 - 278 =990 ##$$a 0001/BPAP-NTB/2016 =990 ##$$a 0001/BPAP-NTB/2016 =990 ##$$a 31500746 =990 ##$$a 0001/BPAP-NTB/2016 =990 ##$$a 21106268 =990 ##$$a 31500746 =990 ##$$a 22082208 =990 ##$$a 21106267 =990 ##$$a 21106268 =990 ##$$a 31500746